R for dummies (Record no. 86076)

MARC details
000 -LEADER
fixed length control field 00811 a2200265 4500
003 - CONTROL NUMBER IDENTIFIER
control field CBULib
005 - DATE AND TIME OF LATEST TRANSACTION
control field 20250722100149.0
008 - FIXED-LENGTH DATA ELEMENTS--GENERAL INFORMATION
fixed length control field 250228b |||||||| |||| 00| 0 eng d
020 ## - INTERNATIONAL STANDARD BOOK NUMBER
International Standard Book Number 9781119055808
040 ## - CATALOGING SOURCE
Language of cataloging English
Transcribing agency CBULib
Description conventions rda
050 ## - LIBRARY OF CONGRESS CALL NUMBER
Classification number QA 276.45 Dev
100 ## - MAIN ENTRY--PERSONAL NAME
Personal name De Vries, Andrie
245 ## - TITLE STATEMENT
Title R for dummies
Statement of responsibility, etc / by Andrie De Vries
250 ## - EDITION STATEMENT
Edition statement Second edition.
260 ## - PUBLICATION, DISTRIBUTION, ETC. (IMPRINT)
Name of publisher, distributor, etc John Wiley and Sons,
Date of publication, distribution, etc 2015
Place of publication, distribution, etc New Jersey :
300 ## - PHYSICAL DESCRIPTION
Extent xii, 418 pages : illustrations
336 ## - CONTENT TYPE
Source rdacontent
Content type term Text |
Content type code txt
337 ## - MEDIA TYPE
Source rdamedia
Media type term Unmediated |
Media type code n
338 ## - CARRIER TYPE
Source rdacarrier
Carrier type term Volume
Carrier type code nc
500 ## - GENERAL NOTE
General note Includes index.
650 #0 - SUBJECT ADDED ENTRY--TOPICAL TERM
9 (RLIN) 4445
Topical term or geographic name as entry element R (COMPUTER PROGRAM LANGUAGE)
650 #0 - SUBJECT ADDED ENTRY--TOPICAL TERM
9 (RLIN) 4446
Topical term or geographic name as entry element MATHEMATICAL STATISTICS - DTAT PROCESSING
700 ## - ADDED ENTRY--PERSONAL NAME
9 (RLIN) 4447
Personal name Meys, Joris
Relator term author
942 ## - ADDED ENTRY ELEMENTS (KOHA)
Source of classification or shelving scheme
Koha item type MONOGRAPH
Holdings
Withdrawn status Lost status Source of classification or shelving scheme Damaged status Not for loan Collection code Permanent Location Current Location Shelving location Date acquired Source of acquisition Cost, normal purchase price Full call number Barcode Date last seen Price effective from Koha item type Total Checkouts
          Main Library Open Access Collection CBU-MAIN LIBRARY, KITWE. CBU-MAIN LIBRARY, KITWE. General Stacks 02/28/2025 BOOK AID INTERNATIONAL 27.00 QA 276.45 Dev 753508 02/28/2025 02/28/2025 MONOGRAPH  
          Main Library Open Access Collection CBU-MAIN LIBRARY, KITWE. CBU-MAIN LIBRARY, KITWE. General Stacks 02/28/2025 BOOK AID INTERNATIONAL 27.00 QA 276.45 Dev 753507 02/28/2025 02/28/2025 MONOGRAPH